| 000 | 00502nam a2200181Ia 4500 | ||
|---|---|---|---|
| 003 | GCL | ||
| 008 | 140319s9999 xx 000 0 eng d | ||
| 040 |
_aGCL / _cGCL |
||
| 082 | 0 | 4 |
_a780.92 _bJ G |
| 100 | 1 | _aJORA, MIHAIL | |
| 245 | 1 | 0 |
_aGEORGE ENESCU: ON THE 80th ANNIVERSARY OF HIS BIRTHDAY / _cJORA, MIHAIL |
| 260 |
_a[S.N] : _bTHE NATIONAL COMMISION OF THE ROMANIAN ، _c1961 |
||
| 300 | _a105 P | ||
| 650 | 0 | 4 | _aMUSIC |
| 650 | 0 | 4 | _aCOMPOSERS |
| 650 | 0 | 4 | _aGEORGE, ENESCU 1881 |
| 942 |
_2ddc _cBK |
||
| 999 |
_c15178 _d15178 |
||